| 000 | 00429cam a22001451 4500 | ||
|---|---|---|---|
| 082 |
_a669.94 _bHUL _cL-17, P-65 |
||
| 100 | 1 |
_aHultgren, Ralph Raymond, _945194 |
|
| 245 | 0 | 0 | _aFundamentals of physical metallurgy. |
| 260 |
_aNew York, _bPrentice-Hall _c[c1952] |
||
| 300 |
_a395 p. _billus. _c22 cm. |
||
| 526 |
_a0 _b0 _c0 _d669_940000000000000_HUL |
||
| 650 | 0 |
_aMCE _9379 |
|
| 650 | 0 |
_aPhysical metallurgy. _944928 |
|
| 942 |
_2ddc _cBK |
||
| 999 |
_c548767 _d548767 |
||